Animovaný film /

Hlavní autor: Urc, Rudolf, 1937-2026
Jazyk: Slovenština
Vydáno: Martin : Osveta, 1984
Vydání: 2. vyd.
Fyzický popis: 162 s.
Knihy
Uloženo v:
LEADER 00630nam a22002172a 4500
001 000189287
003 CZ BrMZK
005 19961101143423.0
007 ta
008 950101s1984 xo f slo d
040 |a BOA001  |b cze 
080 |a 778.534.66  |2 MRF 
100 1 |a Urc, Rudolf,  |d 1937-2026  |7 mzk2002157046  |4 aut 
245 1 0 |a Animovaný film /  |c Rudolf Urc 
250 |a 2. vyd. 
260 |a Martin :  |b Osveta,  |c 1984 
300 |a 162 s. 
500 |a Souhrn rus., něm., angl. 
910 |a BOA001  |b 2-0827.758-84 
990 |a BK 
996 7 |b 2619942346  |c 2-0827.758-84  |l MZK  |r Sklad / do 1 hodiny  |n 51  |w 000189287  |u 000010  |a 1  |e BOA001  |j MZK50  |s A